000 00386cam a22001337a 4500
008 180718b1997 xxu||||| |||| 00| 0 eng d
082 _aB142x54 J78
245 _aWomen and children in prostitution: human rights perspectives
_cedited by Madhu D. Joshi
260 _aNew Delhi
_bUppal
_c1997
300 _a134p.
650 _aHuman rights.
650 _aWomen
700 _aJoshi, Madhu D.
999 _c380642
_d380642